Uberonomika či bublina

Uber ako symbol nástupu éry zdieľanej ekonomiky. Neúspešný boj o čínsky trh. Najdôležitejší tromf Uberu. Dôraz na komfort a kvalitnú službu. Konkurencia Lyftu. Prechod z luxusného segmentu do sféry zdieľanej P2P ekonomiky. Snaha vyrásť na ucelenú logistickú platformu. Pozastavenie služieb v Maďarsku...

ver descrição completa

Na minha lista:
Detalhes bibliográficos
Autor principal: Matijek, Peter
Formato: Capítulo de Livro
Idioma:eslovaco
Assuntos:
Tags: Adicionar Tag
Sem tags, seja o primeiro a adicionar uma tag!

MARC

LEADER 00000naa a2200000 4500
001 0221719
005 20231013092042.5
041 0 |a slo 
044 |a SK 
245 1 0 |a Uberonomika či bublina  |c Peter Matijek 
520 |a Uber ako symbol nástupu éry zdieľanej ekonomiky. Neúspešný boj o čínsky trh. Najdôležitejší tromf Uberu. Dôraz na komfort a kvalitnú službu. Konkurencia Lyftu. Prechod z luxusného segmentu do sféry zdieľanej P2P ekonomiky. Snaha vyrásť na ucelenú logistickú platformu. Pozastavenie služieb v Maďarsku. Uber v Estónsku. 
610 2 0 |a doprava automobilová 
610 2 0 |a doprava cestná osobná 
610 2 0 |a ekonomika zdieľaná 
610 2 0 |a firmy 
610 2 0 |a internet 
610 2 0 |a výnosy 
610 2 0 |a strata 
610 2 0 |a Estónsko 
610 2 0 |a Maďarsko 
100 1 |a Matijek, Peter